000 00983nam a22002657a 4500
999 _c63519
_d63519
005 20240530110645.0
008 171023s2015 ua o a g b 000 0 ara d
017 _a2015/3303
_bمصر. دار الكتب
020 _a9789773506278
040 _aEG-CaGPL
_cEG-CaGPL
082 0 4 _221
_a306.36\
_bع ط
100 0 _aعلاء جراد .
245 1 2 _aالطريق الى القمة :
_bتحقيق متميز من خلال التعلم المؤسسى /
_cتاليف علاء جراد .
250 _aط.1
260 _aالقاهرة :
_bدار الكتاب الحديث ،
_c2016 .
300 _a208 ص. :
_bايض. ؛ صور لو ؛
_c24 سم.
504 _aببليوجرافية : ص 195 - 200
650 0 7 _2qrmak
_aالتعلم
650 0 7 _2qrmak
_aالتعلم الجماعى
650 0 7 _2qrmak
_aالتعلم الفردى
650 0 7 _2qrmak
_aالتعلم المؤسسى
651 _2qrmak
942 _2ddc
_cBK